Curso de derecho comercial: quiebras

Uloženo v:
Podrobná bibliografie
Hlavní autor: Varela Varela, Raúl (Autor)
Médium: Kniha
Jazyk:španělština
Vydáno: Santiago Universidad de Chile 1965
Témata:
Tagy: Přidat tag
Žádné tagy, Buďte první, kdo vytvoří štítek k tomuto záznamu!

MARC

LEADER 00000cam a2200000 a 4500
001 UCG9559
003 CL-VaPUC
008 120323e19650000CL |||||||||||||||||spa|d
082 0 4 |a 346.83078  |b VAR  |2 21 
100 0 |a Varela Varela, Raúl  |e author  |9 561163 
245 1 0 |a Curso de derecho comercial: quiebras 
300 |a 197 p 
942 |c BK 
945 |d 20120323 00:00:00  |a cmena 
260 |a Santiago  |b Universidad de Chile  |c 1965 
650 0 |a Derecho comercial   |9 256340 
650 7 |a QUIEBRAS  |2 CL-VaPUC  |9 329303 
650 0 |a Declaración de quiebra  |9 553160 
650 0 |a Bienes  |9 255749 
583 |a last modification  |c 20120323 11:52:00  |k Rodrigo Vera 
999 |c 347106  |d 347104 
952 |0 0  |1 0  |4 0  |6 346_830780000000000_VAR_1965  |7 0  |8 A  |9 448218  |a BIBDER  |b BIBDER  |d 2019-11-22  |i 4840763  |o 346.83078 VAR 1965  |p 4840763  |r 2023-01-25  |w 2019-11-22  |y BK  |k DER